000 01141nkm a2200265 i 4500
001 4311
003 ES-MaACL
005 20250713063012.0
007 khrbo
008 070709s1988 sp --- g |001||spa d
100 0 _aAlfonso,
_d1902-1990
_919858
245 1 4 _aLos atlas lingüísticos hispánicos [
_hFotografía] /
_cAlfonso (sello).
260 _a[S.l. :
_bs.n.],
_c1988.
300 _a2 fot. :
_bb. y n. ;
_c12 x 18 cm.
500 _aDatos basados en invitación.
511 0 _aInterviene: Manuel Alvar; presenta: Gregorio Salvador.
518 _aActo organizado por la Cátedra Miguel de Unamuno del Ateneo de Madrid, celebrado en el salón de actos el viernes, 6 de mayo de 1988, a las 18:30 h.
600 1 4 _aAlvar, Manuel,
_d1923-2001
_920583
600 0 4 _aSalvador, Gregorio,
_d1927-2020
_9102071
610 2 4 _aAteneo de Madrid-
_xActos culturales-
_y1988-
_vFotografías.
_91903
710 2 _aAteneo de Madrid.
_bCátedra Miguel de Unamuno.
_91955
852 _aES-MaACL
_jFOT 125/1988
856 4 _uhttp://www.ateneodemadrid.net/biblioteca_digital/imagenes/1988/0125-1988.jpg
_zVer imagen
999 _c4311
_d4311